Statistics for Words for Baby

Click here to take the quiz!

General Stats

  • This quiz has been taken 30 times
  • The average score is 12 of 16

Answer Stats

HintAnswer% Correct
BabyEnglish
100%
KindGerman
96%
DzieckoPolish
96%
NiñoSpanish
93%
طفل (Tifl)Arabic
82%
Малыш (Malysh)Russian
82%
BambinoItalian
79%
ቤቢ (Bēbī)Amharic
75%
赤ちゃん (Akachan)Japanese
75%
ΜωρόGreek
68%
बच्चा (Bachcha)Hindi
64%
宝宝 (Bǎobǎo)Mandarin
64%
Đứa béVietnamese
64%
LillaSwedish
54%
Băiețel [or] BebelusRomanian
50%
BebekTurkish
43%

Score Distribution

Percentile by Number Answered

Percent of People with Each Score

Your Score History

You have not taken this quiz